| Tag |
First Indicator |
Second Indicator |
Subfields |
| LEADER |
00000cam a2200000 a 4500 |
| 001 |
in00000010518 |
| 005 |
20151007051402.0 |
| 008 |
871119s1987 au a b 00000 eng d |
| 020 |
|
|
|a 9201150873
|
| 035 |
|
|
|a (OCoLC)17003501
|
| 035 |
|
|
|9 AAA2730AM
|
| 040 |
|
|
|a TXA
|c TXA
|d AZS
|d UtOrBLW
|
| 049 |
|
|
|a TXAM
|c [A12577264]
|
| 050 |
|
4 |
|a HD9698.A1
|b I6 no.277
|
| 245 |
0 |
0 |
|a Absorbed dose determination in photon and electron beams :
|b an international code of practice /
|c prepared by P. Andreo [and others] on the basis of a draft developed at an advisory group meeting organized by the International Atomic Energy Agency and held in Vienna, 18-22 March 1985.
|
| 264 |
|
1 |
|a Vienna :
|b International Atomic Energy Agency,
|c 1987.
|
| 300 |
|
|
|a 98 pages :
|b illustrations ;
|c 24 cm.
|
| 336 |
|
|
|a text
|b txt
|2 rdacontent
|
| 337 |
|
|
|a unmediated
|b n
|2 rdamedia
|
| 338 |
|
|
|a volume
|b nc
|2 rdacarrier
|
| 490 |
1 |
|
|a Technical reports series / International Atomic Energy Agency ;
|v no. 277
|
| 504 |
|
|
|a Bibliography: pages 93-98.
|
| 650 |
|
0 |
|a Electron beams
|x Therapeutic use.
|
| 650 |
|
0 |
|a Radiation dosimetry.
|
| 650 |
|
0 |
|a Radiotherapy.
|
| 700 |
1 |
|
|a Andreo, P.
|
| 710 |
2 |
|
|a International Atomic Energy Agency.
|
| 830 |
|
0 |
|a Technical reports series (International Atomic Energy Agency) ;
|v no. 277.
|
| 999 |
|
|
|a MARS
|
| 999 |
f |
f |
|s 90e0ee25-e99b-35ec-ad5a-58042a631367
|i 77f6f17b-9565-34d7-b2c1-021f1c3980e7
|t 0
|
| 952 |
f |
f |
|p ric
|a Texas A&M University
|b Rellis Campus
|c Joint Library Facility
|d Remote Storage
|t 0
|e HD9698.A1 I6 no.277
|h Library of Congress classification
|i unmediated -- volume
|m A14812577264
|
| 998 |
f |
f |
|a HD9698.A1 I6 no.277
|t 0
|l Remote Storage
|